01365nam a22002537a 450000500170000000800410001702000180005805000150007624502870009126000420037830000400042050000650046050400350052550502120056065000320077265000410080465000300084570000450087570000380092070000360095870000440099470000320103870000410107020231102151938.0160610s2014 m a|||| |||| 00| 0 spa d a9786074484632 4aRJ254bR4300aEl recién nacidob : una propuesta de atención de enfermería con enfoque de riesgoc/ Rosa María Tinajero González, Rosa Elena Salazar Ruibal, Claudia Figueroa Ibarra, María Reyes Escobar Siqueiros ; editores responsables Marianna Lyubarets, José Luis Morales Saavedra3 aMéxicob: El Manual Modernoc, 2014 aviii, 63 páginasb: ilustraciones aIncluye apéndices (pp.53-57) Incluye índice (pp. 59-63) aIncluye Bibliografía (p.51) 1 aEl recién nacido Valoración cefalocaudal del recién nacido Diagnósticos e intervenciones de enfermería Propuesta de atención de enfermería al recién nacido fisiológico con enfoque de riesgo14aENFERMERIA MATERNO INFANTIL24aNIÑOS RECIEN NACIDOSxENFERMEDADES24aENFERMERÍA PEDIÁTRICA1 aTinajero González, Rosa Maríaeautor1 aSalazar Ruibal, Rosa Elenaeautor1 aFigueroa Ibarra, Claudiaeautor1 aEscobar Siqueiros, María Reyeseautor1 aLyubarets, Mariannaeeditor1 aMorales Saavedra José Luiseeditor